000 01231nam a2200301 4500
003 OSt
005 20260530115306.0
008 260418b1998 mx a|||| |||| 00| 0 spa d
020 _a9686397515
040 _aICI
_bspa
_cICI
041 _aspa
050 _aGC1023.16
_bR63
100 1 _aRobles Gil, Patricio, autor.
_932048
245 1 0 _aCelebracion a los mares :
_bpatrimonio para el futuro /
_cPatricio Robles Gil, Pablo Cervantes ; presentación, José Torres Campos ; prólogo, Ernesto Amtmann ; traducción, Teresa Segovia, Ramón Elizondo
264 1 _bCEMEX :
_bAgrupacion Sierra Madre,
_c1998
_aMéxico, D.F. :
300 _a239 páginas :
_bilustraciones a color
336 _atexto
_2rdacontent
337 _asin medio
_2rdamedia
338 _avolumen
_2rdacarrier
650 1 4 _aConservación de los recursos marinos
_vCongresos
_zMéxico
_932049
650 1 4 _aConservación de los recursos marinos
_xObras ilustradas
_zMéxico
_932050
700 1 _aCervantes, Pablo,
_eautor
_932051
700 1 _aTorres Campos, José,
_eprologuista
_932052
700 1 _aAmtmann, Ernesto,
_eprologuista
_932053
700 1 _aSegovia, Teresa,
_etraductor
_94771
700 1 _aElizondo, Ramón,
_etraductor
_932054
942 _2lcc
_cBK
999 _c13112
_d13112